MG Car Models Worldwide 2024-25 - Statistics

General Stats
  • This quiz has been taken 73 times
    23 since last reset
  • The average score is 16 of 35
Answer Stats
Hint Answer % Correct
Subcompact Hatchback 3
88%
Subcompact Hatchback EV 4
88%
Hot Hatch EV 4 XPower
88%
Subcompact Sedan 5
88%
Subcompact Sedan 5 Scorpio
88%
Compact Sedan 6
88%
Compact Sedan PHEV 6 PHEV
88%
Comapact Sport Sedan PHEV 6 PHEV XPower
88%
Compact Sedan 6 Pro
88%
Midsize Sedan 7
88%
Compact Roadster EV Cyberster
71%
Fullsize Sedan EV 9
65%
Subcompact Crossover EV eZS
65%
Subcompact Crossover ZS/Astor
65%
Midsize SUV PHEV eHS PHEV
53%
Midsize Crossover HS
53%
Subcompact Crossover EV ES5
24%
Midsize Crossover EV Marvel R
24%
Compact Crossover One
24%
City Car EV Comet
18%
Midsize Pickup Extender
18%
Fullsize SUV Gloster
18%
Compact Crossover Hector
18%
Compact Crossover Hector Plus
18%
Midsize Minivan EV Maxus 9
18%
Compact Crossover RX5
18%
Midsize Crossover RX8
18%
Midsize Crossover RX9
18%
Commercial Van V80
18%
Subcompact Crossover VS
18%
Compact Crossover Whale
18%
Compact MPV EV Windsor
18%
Compact Crossover Linghang
12%
Compact Crossover PHEV Linghang PHEV
12%
Compact Crossover EV S9
6%
No matching quizzes found
Score Distribution
Percent of People with Each Score
Percentile by Number Answered
Your Score History
You have not taken this quiz since the last reset